000 00832nam a22002417a 4500
003 OSt
005 20240530110422.0
008 150312s2009 ua ao f b 000 0 eng d
020 _a977416249
040 _aEG-CaGPL
_cEG-CaGPL
082 0 4 _221
_a725.73
_bCC/T L
100 1 _aTelmissany , May
245 1 4 _aThe Last Hammams of Cairo :
_bA Disappearing Bathhouse Culture /
_cText by May Telmissany and Eve Gandossi ; Photographs by Pascal Meunier
260 _aCairo :
_bThe American University in Cairo Press,
_c2009.
300 _a134 P. :
_bcol. ill. , photos ;
_c32 cm.
504 _aIncludes bibliographical references.
650 0 _aBaths
_xTurkish
650 0 _aBathhouses
_xEgypt
700 1 _aMeunier , Pascal
_ePhotography
700 1 _aGandossi , Eve
_ejt. auth.
942 _2ddc
_cBK
999 _c60674
_d60674